000 00416nam a2200169Ia 4500
005 20250423101120.0
008 250422s9999 xx 000 0 und d
020 _a1- 55778- 038- 2
050 _aCT262.S87
100 _aRon Strickland
245 0 _aTexans: oral histories from the lone star state
260 _bParagon house
260 _c1991
300 _a334 p
650 _aTexas- biography
942 _cBK
999 _c35333
_d35333